000 00930cam a2200241 a 4500
001 000001510
005 20200929145613.0
008 750731s1946 cu 000 0 spa
040 _aDO-SdBNP
_bspa
_cBNPHU
082 _a860.5
_bL97e
100 1 _aLuz y Caballero, José de la,
_d1800-1862.
_94985
245 1 0 _aEscritos literarios /
_cJosé de la Luz y Caballero; Prólogo, de Raimundo Lazo.
260 _aHabana :
_bEditorial de la Universidad de la Habana,
_c1946.
300 _axxiii, 294 p. ;
_c20 cm.
490 1 _aObras de José de la Luz y Caballero
_vvol. 6
490 1 _aBiblioteca de autores cubanos
_vno. 11
600 1 0 _aSCHILLER, FRIEDRICH,
_d1759-1805.
_94986
650 4 _aLiteratura cubana moderna
_94987
651 4 _aCuba
_vBIOGRAFÍAS
_94988
700 1 _aLazo, Raimundo,
_d1904-
_epról.
_94989
830 0 _aObras de José de la Luz y Caballero ;
_v6
_94990
830 0 _aBiblioteca de autores cubanos ;
_v11
_94991
999 _c1414
_d1414